| Tag |
First Indicator |
Second Indicator |
Subfields |
| LEADER |
00000cgm a2200000Mi 4500 |
| 001 |
in00005545461 |
| 006 |
m o c |
| 007 |
cr |n||||||||a |
| 007 |
vz |za|z| |
| 008 |
181016s2009 nyu049 e o vueng d |
| 005 |
20241201230149.3 |
| 035 |
|
|
|a (OCoLC)on1065106607
|
| 040 |
|
|
|a ALSTP
|b eng
|e rda
|e pn
|c ALSTP
|d OCLCO
|d OCLCF
|d IBE
|d OCLCQ
|d OCLCO
|d CAUOI
|d OCLCO
|d UPM
|d OCLCO
|d OCLCL
|d DXU
|
| 019 |
|
|
|a 1373456495
|a 1443981373
|
| 035 |
|
|
|a (OCoLC)1065106607
|z (OCoLC)1373456495
|z (OCoLC)1443981373
|
| 049 |
|
|
|a TXAM
|
| 245 |
0 |
0 |
|a World fashion tour.
|n Volume 15, Episode 4 /
|c [produced by Videofashion].
|
| 264 |
|
1 |
|a New York, NY :
|b Videofashion,
|c 2009.
|
| 300 |
|
|
|a 1 online resource (49 min.)
|
| 306 |
|
|
|a 004804
|
| 336 |
|
|
|a two-dimensional moving image
|b tdi
|2 rdacontent
|
| 337 |
|
|
|a computer
|b c
|2 rdamedia
|
| 337 |
|
|
|a video
|b v
|2 rdamedia
|
| 338 |
|
|
|a online resource
|b cr
|2 rdacarrier
|
| 347 |
|
|
|a video file
|2 rda
|
| 490 |
0 |
|
|a Academic Video Online
|
| 500 |
|
|
|a Title from resource description page (viewed October 16, 2018).
|
| 500 |
|
|
|a "Spring/summer 2009."
|
| 520 |
|
|
|a This blockbuster issue of World Fashion Tour takes us to Paris where -John Galliano looked to British caricaturist James Gillray as his starting point this season. Evolution and industrialization act as the basis for Alexander McQueen in his Spring collection. At Louis Vuitton, Marc Jacobs showed a spirited collection replete with historic, cultural and geographical references. Alber Elbaz for Lanvin showed a highly praised collection of vibrant colors and gorgeous volumes. A combination of modern art and Rothko, Dries van Noten garners acclaim for this collection.
|
| 546 |
|
|
|a In English.
|
| 650 |
|
0 |
|a Fashion.
|
| 650 |
|
0 |
|a Fashion shows.
|
| 650 |
|
0 |
|a Fashion design.
|
| 650 |
|
0 |
|a Fashion designers.
|
| 650 |
|
6 |
|a Présentations de collections (Mode)
|
| 650 |
|
6 |
|a Couturiers (Créateurs de mode)
|
| 650 |
|
7 |
|a Fashion.
|2 fast
|0 (OCoLC)fst00921600
|
| 650 |
|
7 |
|a Fashion design.
|2 fast
|0 (OCoLC)fst01200123
|
| 650 |
|
7 |
|a Fashion designers.
|2 fast
|0 (OCoLC)fst00921628
|
| 650 |
|
7 |
|a Fashion shows.
|2 fast
|0 (OCoLC)fst00921658
|
| 655 |
|
7 |
|a Documentary television programs.
|2 fast
|0 (OCoLC)fst01710387
|
| 655 |
|
7 |
|a Documentary television programs.
|2 lcgft
|
| 655 |
|
7 |
|a Documentaires télévisés.
|2 rvmgf
|
| 700 |
1 |
|
|a Charney, Nicolas H.,
|e director.
|
| 700 |
1 |
|
|a Uss, Elizabeth,
|e producer.
|
| 700 |
1 |
|
|a Cipperly, Jennifer,
|d 1939-
|e producer.
|1 https://id.oclc.org/worldcat/entity/E39PCjFXdhhfX4fk3mhWJf6vQC
|
| 710 |
2 |
|
|a Videofashion Network,
|e production company.
|
| 758 |
|
|
|i has work:
|a Volume 15, Episode 4 World fashion tour (MovingImage)
|1 https://id.oclc.org/worldcat/entity/E39PCGjHTJkQ9G4p7J6Vh7yjYd
|4 https://id.oclc.org/worldcat/ontology/hasWork
|
| 856 |
4 |
0 |
|u http://proxy.library.tamu.edu/login?url=https://www.aspresolver.com/aspresolver.asp?MARC;3322185
|z Connect to this streaming video (Alexander Street Press)
|t 0
|
| 955 |
|
|
|a Alexander Street Press subscription streaming video
|
| 994 |
|
|
|a 92
|b TXA
|
| 999 |
f |
f |
|s 48c8314d-ced2-419f-8b59-e05df0d953c5
|i b6e08501-184d-4116-81d8-b83262e26702
|t 0
|
| 952 |
f |
f |
|a Texas A&M University
|b College Station
|c Electronic Resources
|d Available Online
|t 0
|h Library of Congress classification
|
| 998 |
f |
f |
|t 0
|l Available Online
|